000 00767nam a22001817a 4500
999 _c80553
_d80553
008 201130b ||||| |||| 00| 0 eng d
040 _bger
_cSTAFF
_erda
_aSTAFF
041 _ager
100 _aKannenberg, Heinz:
245 _a50 Neuinfizierte und neun weitere Tote in der Stadt:
_bPandemie: In Frankfurt wurden am Mittwoch so viele laborbestätigte Corona-Fälle und Verstorbene wie nie gemeldet. Die Sieben-Tage-Inzidenz liegt bei 263/
_cHeinz Kannenberg
651 _aFrankfurt (Oder)
653 _aPandemie / Covid-19
773 _dFrankfurt (Oder): Märkisches Verlags- und Druckhaus GmbH & Co KG
_g32. Jahrgang (2021) Nr. 5 vom 07.01.2021, S. 11
_tMärkische Oderzeitung
942 _cA